| 000 | 01181nam a22002177a 4500 | ||
|---|---|---|---|
| 999 |
_c59755 _d59755 |
||
| 003 | Ge_BSU | ||
| 005 | 20230411103004.0 | ||
| 008 | 230411s2000 ge ||||| |||| 00| 0 geo d | ||
| 020 | _a9992822198 | ||
| 041 | _ageo | ||
| 080 | _a323.1(479.22)+316 ჩ-96 | ||
| 100 |
_aჩხენკელი, აკაკი _917599 |
||
| 245 |
_aერი თუ კაცობრიობა?! : _b(ბ. Baton-ის წიგნის გამო) / _cგამოსაც. მოამზ. და შესავ. წერილი დაურთო ზაირა გერგედავა-ჭელიძემ ; [რედ.: ვახტანგ გურული]. |
||
| 264 |
_aთბილისი : _bმერიდიანი, _c2000. |
||
| 300 |
_a68გვ. ; _b20სმ. |
||
| 653 | _aწერეთელი, მიხაკო. | ||
| 653 | _aეროვნული საკითხი საქართველოში. | ||
| 700 |
_aგერგედავა-ჭელიძე, ზაირა _eგამომცემელი _917600 |
||
| 700 |
_aგურული, ვახტანგ _eრედაქტორი _917601 |
||
| 942 |
_2udc _cBK |
||